Welcome to the Holygrace Academy Library

Please use search bar below to get started

HELEN KELLER (Record no. 1448)

MARC details
000 -LEADER
fixed length control field 00291nam a22001337a 4500
082 ## - DEWEY DECIMAL CLASSIFICATION NUMBER
Classification number 894.812
Item number KEL/H
100 ## - MAIN ENTRY--AUTHOR NAME
Personal name G,HANNAH
245 ## - TITLE STATEMENT
Title HELEN KELLER
250 ## - EDITION STATEMENT
Edition statement FIRST PUBLISHED
260 ## - PUBLICATION, DISTRIBUTION, ETC. (IMPRINT)
Place of publication THRISSUR
Name of publisher H&C PUBLISHING HOUSE
Year of publication 2010
300 ## - PHYSICAL DESCRIPTION
Number of Pages 48
650 ## - SUBJECT ADDED ENTRY--TOPICAL TERM
Topical Term STORY
Geographic subdivision KERALA
942 ## - ADDED ENTRY ELEMENTS (KOHA)
Koha item type Books
Holdings
Withdrawn status Lost status Collection code Home library Current library Shelving location Date acquired Source of acquisition Cost, normal purchase price Full call number Accession Number Koha item type
    Fiction Main Library Main Library SHELF-6C MALAYALAM SHORT STORIES 06/03/2014 PURCHASE 10.00 894.812 KEL/H 07724 Books